| 000 | 01127nam a2200253Ia 4500 | ||
|---|---|---|---|
| 999 |
_c55601 _d55601 |
||
| 001 | 22696 | ||
| 003 | GE_BSU | ||
| 005 | 20230421115832.0 | ||
| 008 | 181216s2018||||ge |||||||||||||| ||geo|| | ||
| 020 | _a9789941279119 | ||
| 040 | _cGE_BSU | ||
| 041 | _ageo | ||
| 080 | _a329.150.1(092სტალინი) ს-56 | ||
| 100 |
_aსიხარულიძე, იური _917703 |
||
| 245 |
_aსტალინი : _b[ცხოვრება და მოღვაწეობა] წ. 2 / _cიური სიხარულიძე ; რედაქტორი ზაზა სიხარულიძე. |
||
| 264 |
_aთბილისი : _b[?], _c2018 |
||
| 300 |
_a192 გვ. ; _c20 სმ. |
||
| 541 | _h6ლ | ||
| 653 | _aპოლიტიკური პარტიები და მოძრაობები | ||
| 653 | _aსტალინი : [ცხოვრება და მოღვაწეობა] წ. 2 | ||
| 653 | _aსტალინი, ი.ბ. 1879-1953 | ||
| 700 |
_aსიხარულიძე, ზაზა _eრედაქტორი _917704 |
||
| 942 |
_cBK _2udc |
||